[Event "Kandidatklassen 2006"]
[Site "Aalborg"]
[Date "2006.04.15"]
[Round "5"]
[White "Palm, Nikolaj"]
[Black "Dyrgaard, Kristoffer"]
[Result "1-0"]
[WhiteElo "2245"]
[BlackElo "2069"]
[PlyCount "77"]
[EventDate "2006.??.??"]
[SourceDate "2014.05.18"]

1. d4 Nf6 2. c4 g6 3. Nc3 Bg7 4. e4 d6 5. f3 O-O 6. Nge2 c5 7. Be3 cxd4 8. Nxd4
Nc6 9. Qd2 Bd7 10. Be2 Rc8 11. O-O b6 12. Rac1 Qc7 13. Nxc6 Bxc6 14. Nd5 Qb7
15. Bg5 Bxd5 16. exd5 b5 17. Bxf6 Bxf6 18. cxb5 Rxc1 19. Rxc1 Rc8 20. Rc6 Rxc6
21. bxc6 Qb6+ 22. Kf1 e6 23. Qc2 Bd8 24. dxe6 fxe6 25. Qe4 Kf7 26. Qf4+ Ke7 27.
Qh4+ Ke8 28. Qxh7 Qxc6 29. Qxg6+ Kd7 30. Qg7+ Be7 31. Qd4 Kd8 32. Qxa7 Qc1+ 33.
Kf2 Qxb2 34. Qa8+ Kd7 35. Qa4+ Kd8 36. Qa5+ Kc8 37. Qa6+ Kd8 38. g3 e5 39. Qc4
1-0

[Event "Kandidatklassen 2006"]
[Site "Aalborg"]
[Date "2006.04.15"]
[Round "5"]
[White "Mikkelsen, Nikolaj"]
[Black "Hjorth, Torben"]
[Result "0-1"]
[WhiteElo "2242"]
[BlackElo "2161"]
[PlyCount "160"]
[EventDate "2006.??.??"]
[SourceDate "2014.05.18"]

1. e4 Nc6 2. Nf3 d6 3. d4 Nf6 4. Nc3 Bg4 5. Be2 e6 6. O-O Be7 7. Be3 O-O 8. Nd2
Bxe2 9. Qxe2 a6 10. Rad1 e5 11. dxe5 dxe5 12. Nb3 Qc8 13. Bg5 Re8 14. Rd3 Qg4
15. Qxg4 Nxg4 16. Bxe7 Nxe7 17. Rfd1 Nf6 18. Nc5 b6 19. Nd7 Nxd7 20. Rxd7 Rac8
21. Nd5 Nxd5 22. R1xd5 Kf8 23. Kf1 f6 24. c4 Re7 25. Rd2 Ke8 26. R7d5 Re6 27.
b3 Re7 28. Ke2 Re6 29. Kf3 Re7 30. Rd1 Re6 31. h4 Re7 32. h5 Kf7 33. g3 g6 34.
Rh1 gxh5 35. Rxh5 Kg6 36. Rh1 h5 37. Rhd1 Rh8 38. Kg2 h4 39. Rh1 Reh7 40. Rh3
hxg3 41. Rxg3+ Kf7 42. c5 b5 43. Rd7+ Ke6 44. Rgg7 Rxg7+ 45. Rxg7 Rc8 46. Kf3
b4 47. Ke3 a5 48. Rh7 a4 49. Rg7 axb3 50. axb3 Ra8 51. Kd3 Rd8+ 52. Kc2 Rc8 53.
Rh7 Ra8 54. Rxc7 Ra2+ 55. Kc1 Rxf2 56. Rb7 Rf3 57. Rxb4 Rc3+ 58. Kd2 Rxc5 59.
Rb6+ Ke7 60. b4 Rc4 61. Kd3 Rd4+ 62. Ke3 Rc4 63. Kd3 Rd4+ 64. Ke3 Rc4 65. Kf3
Rc3+ 66. Kg4 Re3 67. Rb7+ Ke6 68. Rb6+ Kf7 69. Rb7+ Kg6 70. b5 Rxe4+ 71. Kf3
Rb4 72. Rb8 Kf5 73. b6 Rb3+ 74. Ke2 Ke4 75. b7 f5 76. Kf2 Kf4 77. Kg2 Rb2+ 78.
Kh3 Kf3 79. Kh4 e4 80. Kg5 Rb5 0-1

[Event "Kandidatklassen 2006"]
[Site "Aalborg"]
[Date "2006.04.15"]
[Round "5"]
[White "Olsen, Peter Erik"]
[Black "Damm, Kasper Wilken"]
[Result "1-0"]
[WhiteElo "2212"]
[BlackElo "2268"]
[PlyCount "77"]
[EventDate "2006.??.??"]
[SourceDate "2014.05.18"]

1. d4 Nf6 2. c4 g6 3. Nc3 Bg7 4. e4 d6 5. Bg5 c5 6. d5 h6 7. Bh4 Qa5 8. Qd2 g5
9. Bg3 Nh5 10. Bd3 Nd7 11. Nge2 Ne5 12. Rc1 a6 13. O-O Bd7 14. a3 b5 15. b4
Qxa3 16. Bxe5 Bxe5 17. Ra1 Qxb4 18. Rfb1 Nf4 19. Rxb4 cxb4 20. Nxb5 Nxe2+ 21.
Bxe2 Bxb5 22. Rc1 Bc3 23. Rxc3 bxc3 24. Qxc3 O-O 25. cxb5 axb5 26. h4 Rab8 27.
Qb4 Rfc8 28. hxg5 hxg5 29. e5 Rc5 30. Qg4 Rxd5 31. Qxg5+ Kf8 32. Qh4 Kg7 33.
Qg5+ Kf8 34. Qh6+ Kg8 35. e6 Rf5 36. Bd3 fxe6 37. Qxe6+ Rf7 38. Bg6 Rbf8 39.
Qd5 1-0

[Event "Kandidatklassen 2006"]
[Site "Aalborg"]
[Date "2006.04.15"]
[Round "5"]
[White "Jakobsen, Peter"]
[Black "Rendboe, John Filip"]
[Result "0-1"]
[WhiteElo "2210"]
[BlackElo "2179"]
[PlyCount "88"]
[EventDate "2006.??.??"]
[SourceDate "2014.05.18"]

1. c4 c5 2. g3 Nc6 3. Bg2 g6 4. Nc3 Bg7 5. Nf3 e5 6. a3 a5 7. d4 cxd4 8. Nb5 d6
9. e3 Nge7 10. exd4 O-O 11. O-O Nf5 12. d5 Na7 13. Nc3 Qc7 14. Qe2 Bd7 15. Rd1
Rac8 16. Bf1 Rfe8 17. a4 Nd4 18. Qd3 Bg4 19. Nxd4 exd4 20. Ne2 Qxc4 21. f3 Bf5
22. Qxc4 Rxc4 23. Bd2 Bc2 24. Rdc1 d3 25. Nc3 Rcc8 26. Re1 Bd4+ 27. Kg2 Kg7 28.
Ne4 Bxb2 29. Ra2 Bd4 30. Nxd6 Rxe1 31. Bxe1 Rd8 32. Nxb7 Rxd5 33. Nxa5 Rc5 34.
Bb4 Rc7 35. f4 Bc3 36. Bxc3+ Rxc3 37. Ra1 Rc5 38. Nb7 Rd5 39. a5 d2 40. Be2
d1=Q 41. Bxd1 Bxd1 42. a6 Rd2+ 43. Kg1 Bg4 44. Ra3 Bh3 0-1

[Event "Kandidatklassen 2006"]
[Site "Aalborg"]
[Date "2006.04.15"]
[Round "5"]
[White "Skovgaard, Peter Nicolai"]
[Black "Hoiberg, Nina"]
[Result "1/2-1/2"]
[WhiteElo "2145"]
[BlackElo "2266"]
[PlyCount "133"]
[EventDate "2006.??.??"]
[SourceDate "2014.05.18"]

1. e4 e5 2. Nf3 Nc6 3. Bc4 Nf6 4. d3 Be7 5. O-O O-O 6. Re1 d6 7. a4 h6 8. a5
Be6 9. Nbd2 Nh7 10. a6 b6 11. c3 Ng5 12. Bd5 Bxd5 13. exd5 Nb8 14. Ne4 Nxf3+
15. Qxf3 f5 16. Ng3 Bg5 17. b4 Bxc1 18. Rexc1 Qg5 19. Rc2 Nd7 20. c4 h5 21. Qe3
Qh4 22. f4 g5 23. fxe5 Nxe5 24. d4 Qxh2+ 25. Kxh2 Ng4+ 26. Kg1 Nxe3 27. Rc3
Rae8 28. Nxh5 f4 29. Re1 Ng4 30. Re6 Kf7 31. g3 Rxe6 32. dxe6+ Kg6 33. gxf4
Kxh5 34. fxg5 Kxg5 35. d5 Kf4 36. c5 Ne3 37. cxd6 Rg8+ 38. Kh1 cxd6 39. Rc7 Kg3
40. Kg1 Kf3+ 41. Kh1 Nxd5 42. Rxa7 Nf4 43. Rf7 Kg3 44. Kg1 Nxe6 45. a7 Rc8 46.
Kf1 Nf4 47. Ke1 Kf3 48. Kd2 Ke4 49. Rb7 Ra8 50. Rxb6 Ke5 51. Rb7 Ne6 52. b5 Nc5
53. Rc7 Na4 54. Kc2 d5 55. Kb3 Kd6 56. Rc6+ Ke5 57. Kxa4 Rxa7+ 58. Ra6 Rb7 59.
b6 d4 60. Kb5 Ke4 61. Kc6 Rb8 62. Kc7 Rh8 63. b7 Rh7+ 64. Kb6 Rxb7+ 65. Kxb7 d3
66. Kc6 d2 67. Ra1 1/2-1/2

[Event "Kandidatklassen 2006"]
[Site "Aalborg"]
[Date "2006.04.15"]
[Round "5"]
[White "Christensen, Stefan"]
[Black "Christensen, Tobias"]
[Result "1/2-1/2"]
[WhiteElo "2288"]
[BlackElo "2312"]
[PlyCount "151"]
[EventDate "2006.??.??"]
[SourceDate "2014.05.18"]

1. e4 c6 2. Nc3 d5 3. d4 dxe4 4. Nxe4 Bf5 5. Ng3 Bg6 6. h4 h6 7. Nf3 Nd7 8. h5
Bh7 9. Bd3 Bxd3 10. Qxd3 e6 11. Bf4 Ngf6 12. O-O-O Be7 13. Kb1 Qa5 14. Ne5 Nxe5
15. dxe5 Rd8 16. Qb3 Nd5 17. Bd2 Qb5 18. Qxb5 cxb5 19. Ne4 Kd7 20. g4 Kc6 21.
g5 hxg5 22. Bxg5 f6 23. exf6 gxf6 24. Bc1 Rdg8 25. h6 f5 26. Nc3 Nxc3+ 27. bxc3
Rh7 28. Rdg1 Rxg1 29. Rxg1 Bf8 30. Rg6 Kd5 31. Bg5 e5 32. f3 a6 33. Kc1 Rh8 34.
Kd2 e4 35. f4 Kc4 36. Rf6 e3+ 37. Kxe3 Kxc3 38. Rf7 Bc5+ 39. Kf3 Bd4 40. Rxf5
Kxc2 41. Rd5 Bc3 42. Rd8 Rh7 43. Rc8 b4 44. Kg4 Kb2 45. Kh5 Kxa2 46. Kg6 Rh8
47. Rxh8 Bxh8 48. Bf6 Bxf6 49. Kxf6 b3 50. h7 b2 51. h8=Q b1=Q 52. Qg8+ Ka3 53.
Qf8+ Ka4 54. f5 b5 55. Kg7 Qg1+ 56. Kh7 Qh2+ 57. Kg6 Qg3+ 58. Kh6 Qf3 59. f6
Qf4+ 60. Kg7 Qg4+ 61. Kh7 Qh4+ 62. Kg8 Qg4+ 63. Qg7 Qc8+ 64. Kh7 Qh3+ 65. Qh6
Qd7+ 66. Kg8 Qg4+ 67. Kh8 Qd4 68. Qg7 Qd8+ 69. Kh7 Qd3+ 70. Qg6 Qh3+ 71. Kg7
Qc3 72. Kg8 Qc8+ 73. Kh7 Qh3+ 74. Kg7 Qc3 75. Kh7 Qb4 76. f7 1/2-1/2

[Event "Kandidatklassen 2006"]
[Site "Aalborg"]
[Date "2006.04.15"]
[Round "5"]
[White "Wiecker, Stefan"]
[Black "Bank, Pelle Rodkjaer"]
[Result "1-0"]
[WhiteElo "2009"]
[BlackElo "2309"]
[PlyCount "121"]
[EventDate "2006.??.??"]
[SourceDate "2014.05.18"]

1. e4 g6 2. d4 Bg7 3. Nc3 c6 4. f4 Qb6 5. Nf3 d5 6. e5 Bg4 7. Be2 Bxf3 8. Bxf3
Nd7 9. O-O e6 10. a4 a5 11. Ra3 Ne7 12. g4 O-O-O 13. Ne2 h5 14. Rb3 Qa7 15. g5
Nf5 16. Bg2 Nb6 17. Ra3 Bf8 18. Ra1 Na8 19. Bh3 Nc7 20. Kg2 Be7 21. Bxf5 exf5
22. h4 Ne6 23. Be3 Qa6 24. Qd2 Kd7 25. Kf3 Ra8 26. Rfc1 Rhd8 27. c3 Ke8 28. Qc2
Rdb8 29. Ng3 b5 30. b3 bxa4 31. bxa4 Qc4 32. Nxf5 gxf5 33. Qxf5 Rb2 34. Rc2
Rab8 35. g6 Rxc2 36. gxf7+ Kd7 37. Qxc2 c5 38. Rb1 Rb4 39. f8=N+ Bxf8 40. Qh7+
Be7 41. cxb4 cxd4 42. Bd2 d3 43. Rc1 Nd4+ 44. Kg2 Nc2 45. Qf5+ Kd8 46. bxa5
Qe4+ 47. Qxe4 dxe4 48. a6 Bc5 49. Rxc2 dxc2 50. Kf1 Kc7 51. Bc1 Be7 52. Ke2
Bxh4 53. Ke3 Kb6 54. Kxe4 Kxa6 55. f5 Bd8 56. Kd3 Ka5 57. Kxc2 Kxa4 58. Kd3 Kb5
59. Ke4 Kc6 60. f6 Kd7 61. Kf5 1-0

[Event "Kandidatklassen 2006"]
[Site "Aalborg"]
[Date "2006.04.15"]
[Round "5"]
[White "Brautsch, Soren"]
[Black "Hansen, Lars"]
[Result "1-0"]
[WhiteElo "2275"]
[BlackElo "2215"]
[PlyCount "67"]
[EventDate "2006.??.??"]
[SourceDate "2014.05.18"]

1. e4 g6 2. d4 Bg7 3. Nf3 d6 4. c3 Nf6 5. Nbd2 O-O 6. Bc4 Nbd7 7. O-O e5 8.
dxe5 dxe5 9. Qe2 Nh5 10. Nb3 h6 11. Rd1 Qf6 12. Be3 Re8 13. Qd2 g5 14. Be2 Nf4
15. Bxf4 exf4 16. Nfd4 Ne5 17. f3 h5 18. h3 Kh8 19. Nc5 Rg8 20. b3 g4 21. hxg4
hxg4 22. fxg4 Bxg4 23. Bxg4 Nxg4 24. Nf5 Rad8 25. Qe2 Rxd1+ 26. Rxd1 Qxc3 27.
Na4 Qc6 28. Qxg4 Bd4+ 29. Nxd4 Rxg4 30. Nxc6 bxc6 31. Kf2 Rg3 32. Rd7 Re3 33.
Rxf7 Rxe4 34. Rxc7 1-0

[Event "Kandidatklassen 2006"]
[Site "Aalborg"]
[Date "2006.04.15"]
[Round "5"]
[White "Flindt, Thomas"]
[Black "Peschardt, Soren"]
[Result "1/2-1/2"]
[WhiteElo "2130"]
[BlackElo "2122"]
[PlyCount "84"]
[EventDate "2006.??.??"]
[SourceDate "2014.05.18"]

1. Nc3 c5 2. e4 Nc6 3. g3 g6 4. Bg2 Bg7 5. Nge2 e6 6. O-O d6 7. d3 Nge7 8. Be3
Nd4 9. Rb1 Nec6 10. Qd2 O-O 11. Nd1 Rb8 12. Nxd4 cxd4 13. Bh6 Bd7 14. Bxg7 Kxg7
15. c4 b5 16. cxb5 Rxb5 17. f4 Qa5 18. Qxa5 Rxa5 19. a3 Rb8 20. Nf2 Rab5 21. b4
a5 22. Rfc1 axb4 23. axb4 Rxb4 24. Rxb4 Rxb4 25. Bf1 Rb3 26. Kg2 e5 27. Kf3 h5
28. h3 Kf6 29. g4 hxg4+ 30. Nxg4+ Bxg4+ 31. hxg4 Rc3 32. g5+ Kg7 33. Rb1 exf4
34. Kxf4 Ne5 35. Rb6 Nxd3+ 36. Bxd3 Rxd3 37. Rxd6 Rd1 38. Rd8 d3 39. Ke3 Re1+
40. Kf4 Rf1+ 41. Ke3 Rg1 42. Kf4 Rf1+ 1/2-1/2

[Event "Kandidatklassen 2006"]
[Site "Aalborg"]
[Date "2006.04.16"]
[Round "6"]
[White "Christensen, Bo Garner"]
[Black "Skovgaard, Peter Nicolai"]
[Result "1-0"]
[WhiteElo "2224"]
[BlackElo "2145"]
[PlyCount "67"]
[EventDate "2006.??.??"]
[SourceDate "2014.05.18"]

1. Nf3 c5 2. g3 Nc6 3. Bg2 d5 4. O-O Bg4 5. d3 Bxf3 6. Bxf3 Nf6 7. c4 e6 8.
cxd5 Nxd5 9. Nc3 Qd7 10. Bd2 Be7 11. Rc1 Nxc3 12. bxc3 O-O 13. Rb1 b6 14. Qa4
Rac8 15. Qa6 f5 16. Rfd1 Bd6 17. Be1 f4 18. d4 cxd4 19. cxd4 fxg3 20. hxg3 e5
21. Qb5 exd4 22. Rxd4 Rfd8 23. Bd5+ Kh8 24. Bxc6 Rxc6 25. Rbd1 a6 26. Qd3 a5
27. Bd2 Qc8 28. Bg5 Rc3 29. Qb1 Rf8 30. Rh4 Rc2 31. Rxd6 h6 32. Qxb6 Qf5 33.
Bxh6 gxh6 34. Rhxh6+ 1-0

[Event "Kandidatklassen 2006"]
[Site "Aalborg"]
[Date "2006.04.16"]
[Round "6"]
[White "Jorgensen, Brian Jorgen"]
[Black "Brondum, Eric"]
[Result "1/2-1/2"]
[WhiteElo "2196"]
[BlackElo "2155"]
[PlyCount "30"]
[EventDate "2006.??.??"]
[SourceDate "2014.05.18"]

1. d4 Nf6 2. Bf4 c5 3. e3 Qb6 4. Nc3 Na6 5. Qd2 g6 6. O-O-O Bg7 7. f3 O-O 8. g4
cxd4 9. exd4 d6 10. Bc4 Be6 11. Bxe6 fxe6 12. Nge2 Qc6 13. Qe3 Nc7 14. Kb1 b5
15. d5 Qb6 1/2-1/2

[Event "Kandidatklassen 2006"]
[Site "Aalborg"]
[Date "2006.04.16"]
[Round "6"]
[White "Rossen, Claus"]
[Black "Mikkelsen, Nikolaj"]
[Result "1/2-1/2"]
[WhiteElo "2177"]
[BlackElo "2242"]
[PlyCount "38"]
[EventDate "2006.??.??"]
[SourceDate "2014.05.18"]

1. e4 c5 2. Nf3 d6 3. d4 cxd4 4. Nxd4 Nf6 5. Nc3 a6 6. Bg5 e6 7. f4 Qb6 8. Qd2
Qxb2 9. Rb1 Qa3 10. f5 Nc6 11. Bc4 Qc5 12. Nxc6 bxc6 13. Bb3 Be7 14. Be3 Qa5
15. Ba4 Bd7 16. O-O O-O 17. Bb6 Qe5 18. Bd4 Qa5 19. Rb6 Qe5 1/2-1/2

[Event "Kandidatklassen 2006"]
[Site "Aalborg"]
[Date "2006.04.16"]
[Round "6"]
[White "Nielsen, Erling Moller"]
[Black "Flindt, Thomas"]
[Result "0-1"]
[WhiteElo "2112"]
[BlackElo "2130"]
[PlyCount "104"]
[EventDate "2006.??.??"]
[SourceDate "2014.05.18"]

1. d4 Nc6 2. d5 Ne5 3. e4 Ng6 4. h4 e5 5. h5 N6e7 6. f4 exf4 7. Bxf4 d6 8. Bb5+
Bd7 9. Qe2 a6 10. Bd3 Nf6 11. Qe3 h6 12. c4 Bg4 13. Be2 Qd7 14. Nc3 Bxe2 15.
Ngxe2 Qg4 16. c5 Nxh5 17. Bh2 Ng6 18. cxd6 Bxd6 19. e5 Qh4+ 20. g3 Qe7 21. Nf4
Bxe5 22. Nxg6 Bxc3+ 23. Kf2 Qxe3+ 24. Kxe3 fxg6 25. bxc3 Nf6 26. Kd4 O-O-O 27.
c4 Rhe8 28. Rhe1 Kd7 29. Rab1 b6 30. c5 bxc5+ 31. Kxc5 Ne4+ 32. Kd4 Nd2 33.
Rxe8 Rxe8 34. Rh1 Nf3+ 35. Kd3 Kd6 36. g4+ Nxh2 37. Rxh2 Kxd5 38. Rf2 Re4 39.
Rf7 Rxg4 40. Rd7+ Kc6 41. Rxg7 h5 42. Ke3 h4 43. Kf3 Rg3+ 44. Kf2 Kb6 45. Re7
g5 46. Re1 c5 47. Rb1+ Kc6 48. Rb8 c4 49. Rc8+ Kd5 50. Ra8 c3 51. Rxa6 c2 52.
Ra5+ Kd6 0-1

[Event "Kandidatklassen 2006"]
[Site "Aalborg"]
[Date "2006.04.16"]
[Round "6"]
[White "Nielsen, Henning"]
[Black "Jakobsen, Peter"]
[Result "0-1"]
[WhiteElo "2156"]
[BlackElo "2210"]
[PlyCount "92"]
[EventDate "2006.??.??"]
[SourceDate "2014.05.18"]

1. e4 e5 2. Nf3 Nc6 3. Bc4 Bc5 4. b4 Bxb4 5. c3 Ba5 6. d4 d6 7. Qb3 Qd7 8. O-O
Bb6 9. dxe5 Na5 10. Qb4 Nxc4 11. Qxc4 dxe5 12. Nxe5 Qe6 13. Bf4 Ne7 14. Nd2 O-O
15. Qb3 Ng6 16. Nxg6 Qxg6 17. Kh1 Be6 18. c4 Rad8 19. Rad1 Rd7 20. Qc2 Qg4 21.
Bg3 Qe2 22. Rfe1 Qd3 23. Qa4 Qc3 24. Bf4 h6 25. Be3 Rfd8 26. c5 Bxc5 27. Bxc5
Qxc5 28. Nf3 Rxd1 29. Rxd1 Rxd1+ 30. Qxd1 Bxa2 31. Nd4 Be6 32. g3 Bh3 33. Qd2
Qc4 34. Qd1 c5 35. Nc2 Qxe4+ 36. f3 Qc6 37. Kg1 Be6 38. Qd8+ Kh7 39. Qd3+ g6
40. Kg2 b5 41. Ne3 a5 42. h4 h5 43. Kf2 c4 44. Qd4 c3 45. g4 hxg4 46. h5 Qxf3+
0-1

[Event "Kandidatklassen 2006"]
[Site "Aalborg"]
[Date "2006.04.16"]
[Round "6"]
[White "Pedersen, Jan Rode"]
[Black "Christensen, Stefan"]
[Result "1-0"]
[WhiteElo "2212"]
[BlackElo "2288"]
[PlyCount "81"]
[EventDate "2006.??.??"]
[SourceDate "2014.05.18"]

1. e4 e6 2. d4 d5 3. Nd2 Be7 4. exd5 exd5 5. Bd3 Nf6 6. Ne2 Bg4 7. c3 O-O 8.
O-O Re8 9. Qc2 c5 10. dxc5 Bxc5 11. Nb3 Bb6 12. Bg5 h6 13. Bh4 Nc6 14. h3 Bxe2
15. Bxe2 g5 16. Bg3 Ne4 17. Bh2 Qf6 18. Bf3 Re7 19. Rad1 Rae8 20. Rxd5 Nxf2 21.
Nc5 Nxh3+ 22. gxh3 Re1 23. Qf2 Rxf1+ 24. Kxf1 Ne7 25. Re5 Rd8 26. Qe2 Ng6 27.
Ne4 Qc6 28. Rf5 Qa4 29. Nf6+ Kh8 30. Bd5 Qh4 31. Qg4 Ne7 32. Qxh4 gxh4 33. Re5
Kg7 34. Nh5+ Kf8 35. Bxb7 Ng6 36. Re2 Rd3 37. Kg2 f5 38. Nf4 Nxf4+ 39. Bxf4 Kg7
40. Ba6 Rd1 41. Be3 1-0

[Event "Kandidatklassen 2006"]
[Site "Aalborg"]
[Date "2006.04.16"]
[Round "6"]
[White "Rendboe, John Filip"]
[Black "Aabling Thomsen, Jakob"]
[Result "1/2-1/2"]
[WhiteElo "2179"]
[BlackElo "2257"]
[PlyCount "58"]
[EventDate "2006.??.??"]
[SourceDate "2014.05.18"]

1. d4 g6 2. c4 Bg7 3. e4 d6 4. Nc3 Nf6 5. Nf3 O-O 6. Be3 Na6 7. Be2 e5 8. O-O
Ng4 9. Bg5 Qe8 10. h3 h6 11. Bc1 Nf6 12. dxe5 dxe5 13. Be3 c6 14. a3 Nh5 15.
Re1 Nf4 16. Bf1 g5 17. Ne2 Be6 18. Ng3 Qe7 19. Qc2 Qf6 20. Nd2 h5 21. Nf5 g4
22. hxg4 hxg4 23. c5 Nc7 24. Nc4 Bxf5 25. exf5 Ncd5 26. Nd6 Qh4 27. g3 Nh3+ 28.
Bxh3 Qxh3 29. Qe4 Bf6 1/2-1/2

[Event "Kandidatklassen 2006"]
[Site "Aalborg"]
[Date "2006.04.16"]
[Round "6"]
[White "Dyrgaard, Kristoffer"]
[Black "Hjorth, Torben"]
[Result "1/2-1/2"]
[WhiteElo "2069"]
[BlackElo "2161"]
[PlyCount "55"]
[EventDate "2006.??.??"]
[SourceDate "2014.05.18"]

1. e4 Nf6 2. e5 Nd5 3. c4 Nb6 4. c5 Nd5 5. Nc3 e6 6. Nxd5 exd5 7. d4 d6 8. cxd6
cxd6 9. Nf3 Nc6 10. Be2 dxe5 11. Nxe5 Bb4+ 12. Bd2 Qa5 13. Nxc6 bxc6 14. a3
Bxd2+ 15. Qxd2 Qxd2+ 16. Kxd2 Ke7 17. Rhc1 Kd6 18. Rc3 a5 19. Rac1 Bd7 20. Rg3
g6 21. b3 Rab8 22. Rc5 Ra8 23. Rf3 Rhf8 24. h3 f5 25. Rfc3 Rfe8 26. Re3 Rxe3
27. fxe3 g5 28. g3 1/2-1/2

[Event "Kandidatklassen 2006"]
[Site "Aalborg"]
[Date "2006.04.16"]
[Round "6"]
[White "Nguyen, Michael"]
[Black "Willumsen, Niels Henrik"]
[Result "1/2-1/2"]
[WhiteElo "2007"]
[BlackElo "2202"]
[PlyCount "77"]
[EventDate "2006.??.??"]
[SourceDate "2014.05.18"]

1. c4 e5 2. g3 Nc6 3. Bg2 Nf6 4. Nc3 Bc5 5. e3 O-O 6. Nge2 d6 7. d4 Bb6 8. O-O
a5 9. b3 Bf5 10. a3 Qc8 11. Re1 Re8 12. Bb2 exd4 13. exd4 Nxd4 14. Nxd4 Rxe1+
15. Qxe1 Bxd4 16. Nd5 Nxd5 17. Bxd4 Nf6 18. Qc3 c6 19. Bxf6 gxf6 20. Qxf6 Qe6
21. Qc3 Qe5 22. Qxe5 dxe5 23. Re1 Rd8 24. h4 f6 25. b4 axb4 26. axb4 Rd4 27.
Rc1 Bd3 28. b5 e4 29. bxc6 bxc6 30. Bh3 Kf7 31. c5 Rc4 32. Rxc4 Bxc4 33. Bf5 h6
34. Bxe4 Bd5 35. f3 Ke6 36. Kf2 Ke5 37. Ke3 f5 38. Bxd5 f4+ 39. gxf4+ 1/2-1/2

[Event "Kandidatklassen 2006"]
[Site "Aalborg"]
[Date "2006.04.16"]
[Round "6"]
[White "Hoiberg, Nina"]
[Black "Palm, Nikolaj"]
[Result "1/2-1/2"]
[WhiteElo "2266"]
[BlackElo "2245"]
[PlyCount "63"]
[EventDate "2006.??.??"]
[SourceDate "2014.05.18"]

1. e4 e5 2. Nf3 Nc6 3. d4 exd4 4. Bc4 Nf6 5. e5 d5 6. Bb5 Ne4 7. Nxd4 Bd7 8.
Bxc6 bxc6 9. O-O Bc5 10. f3 Ng5 11. Be3 Qe7 12. f4 Ne4 13. Nd2 O-O 14. Nxe4
dxe4 15. Kh1 f6 16. e6 Bxd4 17. Qxd4 Bxe6 18. Qxe4 Rfe8 19. Qxc6 Bxa2 20. Bg1
Qe6 21. Qxe6+ Bxe6 22. Rxa7 Rxa7 23. Bxa7 Bf5 24. c3 Re2 25. b4 Be4 26. Rg1 c6
27. h4 h5 28. Kh2 Rc2 29. Bd4 Kf7 30. Kg3 Kg6 31. Kh3 Bf5+ 32. Kg3 1/2-1/2

[Event "Kandidatklassen 2006"]
[Site "Aalborg"]
[Date "2006.04.16"]
[Round "6"]
[White "Bonnelykke, Ole"]
[Black "Harholm, Jes Uffe"]
[Result "1/2-1/2"]
[WhiteElo "2041"]
[BlackElo "2174"]
[PlyCount "138"]
[EventDate "2006.??.??"]
[SourceDate "2014.05.18"]

1. e4 e5 2. Nf3 d6 3. g3 Be7 4. Bg2 Nf6 5. Nc3 c6 6. O-O O-O 7. d3 Na6 8. Ng5
Ng4 9. Nh3 f5 10. Qe2 fxe4 11. Nxe4 d5 12. Nc3 Bd6 13. f3 Nf6 14. Kh1 Qe8 15.
Nd1 Qh5 16. Ndf2 Bd7 17. Bd2 Rae8 18. Rae1 Nc7 19. Bc1 Ne6 20. c3 a5 21. Qd2 b5
22. Ng5 Nxg5 23. Qxg5 Qxg5 24. Bxg5 Bc5 25. Re2 Bf5 26. Rd1 Bg6 27. Nh3 h6 28.
Bc1 Bh5 29. Rde1 e4 30. dxe4 dxe4 31. g4 exf3 32. Bxf3 Rxe2 33. Rxe2 Bxg4 34.
Bxg4 Nxg4 35. Kg2 Kf7 36. Nf4 Re8 37. Rxe8 Kxe8 38. Ne6 Bf8 39. h3 Nf6 40. Bf4
Kd7 41. Nd4 Nd5 42. Bd2 g6 43. Kf3 Bg7 44. Ke4 Kd6 45. c4 bxc4 46. Bxa5 Nf6+
47. Ke3 h5 48. Bc3 Bh6+ 49. Kf3 Nd5 50. Ke4 Nxc3+ 51. bxc3 Bd2 52. Ne2 Kc5 53.
a3 g5 54. Kf5 Kb5 55. Ng3 Ka4 56. Ne4 Be3 57. Nxg5 Bxg5 58. Kxg5 Kxa3 59. Kxh5
Kb2 60. Kg4 Kxc3 61. h4 Kd2 62. h5 c3 63. h6 c2 64. h7 c1=Q 65. h8=Q Qc4+ 66.
Kf5 Qd3+ 67. Ke6 Qd5+ 68. Ke7 c5 69. Qb2+ Ke3 1/2-1/2

[Event "Kandidatklassen 2006"]
[Site "Aalborg"]
[Date "2006.04.16"]
[Round "6"]
[White "Bank, Pelle Rodkjaer"]
[Black "Nielsen, Jorgen Gustav"]
[Result "0-1"]
[WhiteElo "2309"]
[BlackElo "2163"]
[PlyCount "79"]
[EventDate "2006.??.??"]
[SourceDate "2014.05.18"]

1. Nc3 d5 2. e4 dxe4 3. Nxe4 Nd7 4. Bc4 e6 5. Qe2 Ngf6 6. d3 Be7 7. Nf3 O-O 8.
h4 Nb6 9. Bb3 Nbd5 10. h5 h6 11. Ne5 Bd6 12. Nxd6 cxd6 13. Nf3 Bd7 14. Bd2 b5
15. Rh4 e5 16. O-O-O a5 17. a3 b4 18. a4 Bc6 19. Rc4 Qd7 20. Rxc6 Qxc6 21. g4
Nf4 22. Bxf4 exf4 23. Nd4 Qg2 24. f3 Qxe2 25. Nxe2 Rae8 26. Nxf4 Re3 27. Rf1
Rfe8 28. Kd2 R3e7 29. Rg1 Nh7 30. Bd5 Ng5 31. Rg2 Kf8 32. d4 Rc8 33. Nd3 g6 34.
f4 Ne4+ 35. Kd1 Nf6 36. Bf3 Re3 37. Rf2 gxh5 38. g5 Ng4 39. Bxg4 hxg4 40. gxh6
0-1

[Event "Kandidatklassen 2006"]
[Site "Aalborg"]
[Date "2006.04.16"]
[Round "6"]
[White "Olsen, Peter Erik"]
[Black "Jacobsen, Bo"]
[Result "0-1"]
[WhiteElo "2212"]
[BlackElo "2308"]
[PlyCount "110"]
[EventDate "2006.??.??"]
[SourceDate "2014.05.18"]

1. d4 Nf6 2. c4 c5 3. d5 e5 4. Nc3 d6 5. e4 Nbd7 6. h3 Be7 7. Be3 Nf8 8. Nf3 h5
9. g3 Ng6 10. Qd2 O-O 11. a3 Bd7 12. b4 b6 13. Be2 Qc8 14. Ng5 h4 15. f4 exf4
16. gxf4 Nh7 17. f5 Ne5 18. Rg1 Re8 19. bxc5 bxc5 20. Nf3 Bf6 21. Kf2 Qd8 22.
Rab1 a6 23. Bf4 Nxf3 24. Kxf3 Bd4 25. Bd3 Qf6 26. Ne2 Bxg1 27. Rxg1 Kh8 28. Qc1
Rab8 29. Bd2 Rb3 30. Bc3 Re5 31. Qf4 Rxc3 32. Nxc3 Re8 33. Ne2 Rb8 34. Rb1 Rxb1
35. Bxb1 Kg8 36. Bd3 Kf8 37. Ng1 Ke7 38. Ke2 g5 39. Qe3 Qb2+ 40. Kf3 Ba4 41. e5
Qxe5 42. Qxe5+ dxe5 43. Ke4 Kd6 44. Ne2 Nf6+ 45. Ke3 e4 46. Bxe4 Nxe4 47. Kxe4
Bc2+ 48. Kf3 Bxf5 49. Nc3 Ke5 50. Na4 Bxh3 51. Nxc5 Kd4 52. Nxa6 g4+ 53. Kf4 g3
54. Kf3 Bg4+ 55. Kg2 f5 0-1

[Event "Kandidatklassen 2006"]
[Site "Aalborg"]
[Date "2006.04.16"]
[Round "6"]
[White "Nielsen, Steffen Slumstrup"]
[Black "Wiecker, Stefan"]
[Result "1-0"]
[WhiteElo "2255"]
[BlackElo "2009"]
[PlyCount "103"]
[EventDate "2006.??.??"]
[SourceDate "2014.05.18"]

1. e4 c5 2. Nf3 Nc6 3. d4 cxd4 4. Nxd4 Nf6 5. Nc3 d6 6. Bc4 e6 7. Be3 Be7 8.
Qe2 Bd7 9. O-O-O Rc8 10. Bb3 Na5 11. f3 Nxb3+ 12. cxb3 Qa5 13. Kb1 a6 14. g4
O-O 15. Qf2 Ne8 16. h4 Qc7 17. Rhg1 b5 18. g5 b4 19. Nce2 a5 20. h5 a4 21. Rc1
Qb7 22. Rxc8 Qxc8 23. bxa4 e5 24. Nc2 d5 25. exd5 Bxa4 26. b3 Bb5 27. Ng3 Nc7
28. Rd1 Rd8 29. d6 Rxd6 30. Rxd6 Bxd6 31. Qd2 Bf8 32. Ne4 Qa8 33. Nxb4 Ne6 34.
Qd5 Qa5 35. Nc2 Qa6 36. g6 hxg6 37. hxg6 fxg6 38. Ng5 Bd7 39. Qxd7 Qf1+ 40. Kb2
Nxg5 41. Bxg5 Qxf3 42. Qe6+ Kh7 43. Qxe5 Qf2 44. a4 Bc5 45. a5 Ba3+ 46. Kxa3
Qxc2 47. Be3 g5 48. Bxg5 Qd3 49. Be3 g5 50. Bxg5 Qg6 51. Qf6 Qe8 52. Qe7+ 1-0

[Event "Kandidatklassen 2006"]
[Site "Aalborg"]
[Date "2006.04.16"]
[Round "6"]
[White "Peschardt, Soren"]
[Black "Rhee, Alexander Kasper"]
[Result "1/2-1/2"]
[WhiteElo "2122"]
[BlackElo "2018"]
[PlyCount "83"]
[EventDate "2006.??.??"]
[SourceDate "2014.05.18"]

1. d4 Nf6 2. c4 e6 3. Nf3 d5 4. Nc3 Bb4 5. Bg5 h6 6. Bxf6 Qxf6 7. e3 c5 8. a3
Ba5 9. Rc1 cxd4 10. Nxd4 dxc4 11. Qa4+ Nc6 12. Nxc6 Bxc3+ 13. Rxc3 Bd7 14. Bxc4
Bxc6 15. Bb5 O-O 16. Bxc6 bxc6 17. O-O Rab8 18. Qc2 Rb6 19. b4 a5 20. Rxc6 Rxc6
21. Qxc6 axb4 22. axb4 Qb2 23. Qd6 Rc8 24. h3 g6 25. Rd1 Rc2 26. Qb8+ Kh7 27.
Qf4 Kg7 28. Rd4 Rc1+ 29. Kh2 Rc8 30. h4 h5 31. Kg3 Qc2 32. Rd7 Qf5 33. Qxf5
exf5 34. Rb7 Rc4 35. b5 Rb4 36. b6 Kf6 37. Rb8 Rb3 38. Kf3 Rb2 39. g3 Ke5 40.
b7 Kf6 41. Kg2 Rb1 42. f4 1/2-1/2